Music Quiz

Random Music or Billboard Quiz

50 Hits to Click: 2009 Quiz Stats

 Plays Quiz Updated Sep 8, 2019

Score 0/50 Timer 06:00
4 Plays Today
% Correct
Face
91.7%
Go
89.5%
Had
87.9%
Party
87.7%
Believin'
87.1%
Russian
86.4%
Day
86.2%
One
84.5%
Empire
84.4%
Suck
84.3%
Feeling
81.7%
Girls
80.9%
Hate
76.2%
Hell
72%
Phone
71.1%
Use
71%
Lonely
70.5%
Round
68.4%
Waking
67.6%
Queen
67%
Wolf
66.1%
Sweet
65.2%
Bottle
64.9%
Dead
64.5%
Fire
63.4%
% Correct
Tractor
62.2%
Sex
62.1%
Leave
61.7%
Birthday
60%
Fallin'
58.9%
Kiss
58.5%
Chance
58.5%
Knock
56%
Seek
55.7%
Cowboy
55.6%
Destiny
52.7%
Service
51.4%
World
50.3%
Bag
47.4%
Jump
43.8%
College
42.7%
Trust
42.5%
Made
41.1%
Goodbye
38.1%
Divide
34.7%
Break
33.9%
Blame
32.2%
Boundaries
32.1%
Transform
28.1%
Surprise
24.5%

You're not logged in!

Compare scores with friends on all Sporcle quizzes.
OR
Log In

Sporcle TV

Today on Sporcle TV


Watch our educational content, quiz creation guides, and fun videos on Sporcle TV.

Show Comments

Extras

Top Quizzes Today


Score Distribution

Your Account Isn't Verified!

In order to create a playlist on Sporcle, you need to verify the email address you used during registration. Go to your Sporcle Settings to finish the process.

Report this User

Report this user for behavior that violates our Community Guidelines.

Details: